【サドンデス】現存するJRの正式鉄道路線名 part2 - Statistics

General Stats
  • This quiz has been taken 1,216 times
  • The average score is 8 of 25
Answers on the Grid
Answers color-coded by a green-red scale on the quiz's grid according to % correct below.
片町線
北上線
三角線
小野田線
加古川線
釜石線
北陸新幹線
武蔵野線
南武線
烏山線
因美線
木次線
日南線
相模線
武豊線
名松線
小浜線
弥彦線
小海線
根室本線
内子線
吉都線
吉備線
十勝本線
帯広本線
盤越東線
郡山線
九大本線
天草線
新潟線
筑肥本線
能登線
室戸線
富山港線
二戸線
九留里線
水見線
四国本線
香稚線
久里浜線
宝塚線
栗原線
山陰新幹線
山手線
別府線
近畿本線
八代線
美濃線
大浜線
高崎線
 
Answer Stats
Answer % Correct
北陸新幹線
40%
山手線
40%
武蔵野線
39%
根室本線
39%
小浜線
38%
高崎線
38%
南武線
36%
烏山線
36%
木次線
36%
弥彦線
36%
小海線
35%
相模線
34%
名松線
33%
北上線
32%
三角線
32%
加古川線
32%
武豊線
32%
釜石線
31%
因美線
31%
片町線
30%
日南線
30%
内子線
30%
吉備線
30%
小野田線
29%
吉都線
27%
No matching quizzes found
Score Distribution
Percent of People with Each Score
Percentile by Number Answered
Your Score History
You have not taken this quiz